00269 a2200109 4500001000700000020000600007040001100013100003900024240004600063245004100109362000900150158594 a  cMagnum aEnciclopaedia Britannica do Brasil10aEnciclopedia barsa/livro do ano 1996lpor10aEnciclopedia barsa/livro do ano 19960 a1899